KOHA-Header-6

Theories of Counseling And Psychotherapy (Systems, Strategies, and Skills) (Record no. 575)

000 -LEADER
fixed length control field 00373nam a2200121Ia 4500
008 - FIXED-LENGTH DATA ELEMENTS--GENERAL INFORMATION
fixed length control field 190722s9999 xx 000 0 und d
020 ## - INTERNATIONAL STANDARD BOOK NUMBER
International Standard Book Number 978-93-325-5789-5
100 ## - MAIN ENTRY--PERSONAL NAME
Personal name Seligman, Reichenberg
245 #0 - TITLE STATEMENT
Title Theories of Counseling And Psychotherapy (Systems, Strategies, and Skills)
260 ## - PUBLICATION, DISTRIBUTION, ETC. (IMPRINT)
Place of publication, distribution, etc India
Name of publisher, distributor, etc Pearson Education Services Pvt. Ltd.
Date of publication, distribution, etc 2016
300 ## - PHYSICAL DESCRIPTION
Extent 539
942 ## - ADDED ENTRY ELEMENTS (KOHA)
Koha item type Books
Holdings
Withdrawn status Lost status Damaged status Not for loan Collection code Permanent Location Current Location Shelving location Date acquired Total Checkouts Total Renewals Full call number Barcode Date last seen Date checked out Price effective from Koha item type
        Psychology MAJU MAJU Shelf No.B35 2019-07-22 3 10 616.8914 7201 2024-11-07 2024-10-16 2019-07-22 Psychology

Powered by Koha